[Event "Titled Tue 10th Jun Early"]
[Site "chess.com INT"]
[Date "2025.06.10"]
[Round "5"]
[White "Nouali, Mohamed"]
[Black "Recuero Guerra, Javier"]
[Result "1-0"]
[WhiteTitle "FM"]
[BlackTitle "FM"]
[WhiteElo "2160"]
[BlackElo "2126"]
[WhiteFideId "5502462"]
[BlackFideId "2254085"]
[EventDate "2025.06.10"]

1. e4 c5 2. Nf3 d6 3. d4 cxd4 4. Nxd4 Nf6 5. Nc3 a6 6. Bc4 e6 7. Bb3 Be7 8. g4
b5 9. g5 Nfd7 10. Bxe6 fxe6 11. Nxe6 Qa5 12. Nxg7+ Kf7 13. Nf5 Bb7 14. Qh5+ Ke6
15. Ng7+ Ke5 16. f4+ Kd4 17. Ne6+ Kc4 18. Qe2+ Kb4 19. a3+ Qxa3 20. Rxa3 Nc5 21.
Na2# 1-0

[Event "Titled Tue 10th Jun Early"]
[Site "chess.com INT"]
[Date "2025.06.10"]
[Round "5"]
[White "Aloma Vidal, Robert"]
[Black "Saydaliev, Saidakbar"]
[Result "0-1"]
[WhiteTitle "IM"]
[BlackTitle "IM"]
[WhiteElo "2373"]
[BlackElo "2450"]
[WhiteFideId "2260409"]
[BlackFideId "14203693"]
[EventDate "2025.06.10"]

1. h4 d5 2. d4 Nc6 3. e4 e5 4. dxe5 Nxe5 5. exd5 Nf6 6. Nc3 Bb4 7. Bd2 O-O 8.
Qe2 Re8 9. O-O-O Bg4 10. f3 Nxf3 11. Nxf3 Rxe2 12. Bxe2 Bxc3 13. Bxc3 Nxd5 14.
Bd4 c6 15. Bc4 Qc7 16. a3 Re8 17. Kb1 h6 18. Rhe1 Rxe1 19. Rxe1 Bxf3 20. gxf3
Qd7 21. Bd3 Nf4 22. Re4 Nxd3 23. cxd3 f5 24. Rf4 g5 25. hxg5 hxg5 0-1

[Event "Titled Tue 10th Jun Early"]
[Site "chess.com INT"]
[Date "2025.06.10"]
[Round "5"]
[White "Napoli, Nicolo"]
[Black "Huseynova, Dinara"]
[Result "1-0"]
[WhiteTitle "FM"]
[BlackTitle "WCM"]
[WhiteElo "2264"]
[BlackElo "1833"]
[WhiteFideId "813702"]
[BlackFideId "13437313"]
[EventDate "2025.06.10"]

1. d4 Nf6 2. Nc3 g6 3. e4 d6 4. f4 Bg7 5. e5 dxe5 6. fxe5 Nd5 7. Nf3 O-O 8. Bc4
c6 9. O-O Bg4 10. h3 Bxf3 11. Qxf3 Nxc3 12. bxc3 e6 13. Ba3 Re8 14. Qxf7+ Kh8
15. Qxb7 Nd7 16. Rf7 Rb8 17. Qxd7 Qxd7 18. Rxd7 Bh6 19. Rf1 Red8 20. Rff7 Rxd7
21. Rxd7 Bd2 22. Be7 Rb1+ 23. Kf2 Be1+ 24. Ke2 Kg7 25. Bg5+ Kf8 26. Bxe6 Bg3 27.
Bf6 Rb8 28. Rxh7 1-0

[Event "Titled Tue 10th Jun Early"]
[Site "chess.com INT"]
[Date "2025.06.10"]
[Round "5"]
[White "Todorovic, Bojan"]
[Black "Osinovsky, Stepan"]
[Result "1-0"]
[WhiteTitle "FM"]
[BlackTitle "FM"]
[WhiteElo "2111"]
[BlackElo "2240"]
[WhiteFideId "917087"]
[BlackFideId "4157354"]
[EventDate "2025.06.10"]

1. d4 Nf6 2. c4 g6 3. Nc3 Bg7 4. e4 O-O 5. Nf3 d6 6. Be2 Nbd7 7. O-O e5 8. Be3
Re8 9. d5 Nc5 10. Nd2 a5 11. a3 a4 12. Bxc5 dxc5 13. Nxa4 b6 14. Nc3 h5 15. b4
Nd7 16. Nb3 Bf8 17. b5 Nf6 18. a4 Ng4 19. h3 Qh4 20. hxg4 hxg4 21. g3 Qh3 22.
Re1 Bd6 23. Bf1 f5 24. Bxh3 1-0

[Event "Titled Tue 10th Jun Early"]
[Site "chess.com INT"]
[Date "2025.06.10"]
[Round "5"]
[White "Cahaya, Satria Duta"]
[Black "Palczert, Matyas"]
[Result "1-0"]
[WhiteTitle "FM"]
[BlackTitle "FM"]
[WhiteElo "2386"]
[BlackElo "2396"]
[WhiteFideId "7124252"]
[BlackFideId "784958"]
[EventDate "2025.06.10"]

1. e4 e5 2. Nf3 Nc6 3. d4 exd4 4. Nxd4 Nf6 5. Nxc6 dxc6 6. Qxd8+ Kxd8 7. f3 Be6
8. Be3 Nd7 9. Nd2 Bd6 10. O-O-O Ke7 11. Bc4 b5 12. Bxe6 fxe6 13. h4 a5 14. h5 a4
15. h6 g6 16. Bg5+ Kf7 17. Nf1 Nb6 18. Ne3 Bc5 19. Ng4 Nc4 20. Rd7+ Kf8 21. Bf6
Ke8 22. Rhd1 Nd6 23. R7xd6 cxd6 24. Bxh8 e5 25. Bg7 Kf7 26. Rh1 b4 27. Nf6 b3
28. cxb3 axb3 29. a3 Ra4 30. Kb1 Rc4 31. Nxh7 Rc2 32. Ng5+ Ke7 33. h7 Bd4 34.
h8=Q Rxb2+ 35. Kc1 Rc2+ 36. Kd1 Kd7 37. Qb8 b2 38. Qb7+ 1-0

[Event "Titled Tue 10th Jun Early"]
[Site "chess.com INT"]
[Date "2025.06.10"]
[Round "5"]
[White "Kjaergaard-Jensen, Jesper"]
[Black "Golubovskis, Maksims"]
[Result "1-0"]
[WhiteTitle "CM"]
[BlackTitle "FM"]
[WhiteElo "2081"]
[BlackElo "2228"]
[WhiteFideId "1406990"]
[BlackFideId "11608528"]
[EventDate "2025.06.10"]

1. d4 Nf6 2. Nf3 e6 3. Bg5 Be7 4. Nbd2 d5 5. Bxf6 Bxf6 6. c3 b6 7. e4 dxe4 8.
Nxe4 Be7 9. Bb5+ c6 10. Bd3 Bb7 11. Qe2 Nd7 12. h4 Qc7 13. Nfg5 h6 14. Qh5 g6
15. Nxe6 fxe6 16. Qxg6+ Kd8 17. O-O-O c5 18. dxc5 Nxc5 19. Nxc5 Qxc5 20. Be4+
Kc7 21. Qxe6 Bxe4 22. Rd7+ Kb8 23. Qxe4 Re8 24. Qb7# 1-0

[Event "Titled Tue 10th Jun Early"]
[Site "chess.com INT"]
[Date "2025.06.10"]
[Round "5"]
[White "Aslanov, Umid"]
[Black "Jval Saurin Patel"]
[Result "0-1"]
[WhiteTitle "FM"]
[BlackTitle "FM"]
[WhiteElo "2298"]
[BlackElo "2331"]
[WhiteFideId "13412620"]
[BlackFideId "25968343"]
[EventDate "2025.06.10"]

1. e4 e6 2. d4 d5 3. Nd2 Be7 4. Ngf3 Nf6 5. Bd3 c5 6. dxc5 Bxc5 7. Qe2 O-O 8. e5
Nfd7 9. h4 h6 10. c3 Nc6 11. Nb3 Bb6 12. Bf4 f6 13. O-O-O fxe5 14. Bxe5 Ncxe5
15. Nxe5 Rxf2 16. Qh5 Nxe5 17. Qxe5 Qf6 18. Qh5 Bd7 19. Kb1 Be8 20. Qg4 Rf4 21.
Qg3 Bf2 22. Qh3 Rxh4 23. Qf3 Qxf3 24. gxf3 Rxh1 25. Rxh1 Bc6 26. Rh2 Bb6 27. Re2
Kf7 28. f4 Re8 29. Rg2 Re7 30. Bg6+ Kf8 31. Kc2 Be8 32. Bd3 Bc7 33. f5 exf5 34.
Bxf5 g5 35. Nc5 Bf7 36. Nxb7 d4 37. cxd4 Bd5 38. Rf2 Bxb7 39. Be4+ Bf4 0-1

[Event "Titled Tue 10th Jun Early"]
[Site "chess.com INT"]
[Date "2025.06.10"]
[Round "5"]
[White "Devagharan, Devina"]
[Black "Heimann, Alexander"]
[Result "0-1"]
[WhiteTitle "WFM"]
[WhiteElo "1860"]
[BlackElo "2238"]
[WhiteFideId "2061600"]
[BlackFideId "2006073"]
[EventDate "2025.06.10"]

1. d4 d6 2. c4 Nf6 3. Nc3 g6 4. e4 Bg7 5. f4 O-O 6. Nf3 Bg4 7. Be2 c5 8. d5 e6
9. O-O exd5 10. cxd5 Re8 11. h3 Bxf3 12. Bxf3 Nbd7 13. a4 c4 14. Be3 Rc8 15. Bd4
Nc5 16. e5 Nfd7 17. e6 Nf8 18. Bxg7 Kxg7 19. Qd4+ Qf6 20. Qxc4 Ncxe6 21. Qb3 Nc5
22. Qb4 a5 23. Qc4 Nfd7 24. Rae1 Nb6 25. Qb5 Rxe1 26. Rxe1 Nbxa4 27. Ne4 Qd4+
28. Kh1 Nxe4 29. Rxe4 Rc1+ 30. Kh2 Qg1+ 31. Kg3 Nc5 32. Re7 Qd4 33. Qe8 Qf6 34.
Rc7 Nd3 35. Rxc1 Qxf4# 0-1

[Event "Titled Tue 10th Jun Early"]
[Site "chess.com INT"]
[Date "2025.06.10"]
[Round "5"]
[White "Manukyan, Sargis A."]
[Black "Cherukuri, Nitesh"]
[Result "1-0"]
[WhiteTitle "FM"]
[BlackTitle "CM"]
[WhiteElo "2294"]
[BlackElo "2171"]
[WhiteFideId "13303970"]
[BlackFideId "30978688"]
[EventDate "2025.06.10"]

1. d4 d5 2. c4 e6 3. Nc3 Nf6 4. cxd5 exd5 5. Bg5 Be7 6. e3 O-O 7. Bd3 h6 8. Bh4
c6 9. Nf3 Nbd7 10. Qc2 Re8 11. O-O Ne4 12. Bxe4 dxe4 13. Qxe4 Bf6 14. Bxf6 Nxf6
15. Qd3 Nd5 16. Nxd5 Qxd5 17. Qb3 Qxb3 18. axb3 Be6 19. b4 Bc4 20. Rfc1 Bd5 21.
Ne5 f6 22. Nd7 Kf7 23. Nc5 b6 24. Na4 Ke6 25. Nc3 Kd6 26. b5 Rec8 27. bxc6 Bxc6
28. e4 a5 29. f4 b5 30. e5+ Ke7 31. d5 Bd7 32. Ne4 Rc4 33. Rxc4 bxc4 34. Nd6 c3
35. bxc3 a4 36. c4 a3 37. c5 fxe5 38. fxe5 Ra5 39. c6 Bg4 40. h3 Rxd5 41. hxg4
Rc5 42. Rxa3 Rxc6 43. Nf5+ Ke6 44. Re3 g6 45. Nd4+ 1-0

[Event "Titled Tue 10th Jun Early"]
[Site "chess.com INT"]
[Date "2025.06.10"]
[Round "5"]
[White "Vifleemskaia, Svetlana"]
[Black "Villalba, Marcelo"]
[Result "1-0"]
[WhiteTitle "WFM"]
[BlackTitle "IM"]
[WhiteElo "1942"]
[BlackElo "2233"]
[WhiteFideId "4129490"]
[BlackFideId "3701859"]
[EventDate "2025.06.10"]

1. d4 Nf6 2. c4 e6 3. Nc3 c5 4. d5 exd5 5. cxd5 d6 6. e4 g6 7. Nf3 Bg7 8. Nd2
O-O 9. Be2 Re8 10. O-O Nbd7 11. f4 a6 12. a4 Qc7 13. Bd3 Rb8 14. a5 b5 15. axb6
Rxb6 16. Nc4 Rb4 17. Re1 Nb6 18. Na5 Ng4 19. Nc6 Qxc6 20. dxc6 Bd4+ 21. Kf1
Nxh2+ 22. Ke2 Bg4+ 23. Kd2 Bxd1 24. Kxd1 Ng4 25. Bxa6 1-0

[Event "Titled Tue 10th Jun Early"]
[Site "chess.com INT"]
[Date "2025.06.10"]
[Round "5"]
[White "Rees, Ioan"]
[Black "Novikova, Marharyta"]
[Result "1-0"]
[WhiteTitle "FM"]
[BlackTitle "WCM"]
[WhiteElo "2280"]
[BlackElo "1974"]
[WhiteFideId "1801236"]
[BlackFideId "14109689"]
[EventDate "2025.06.10"]

1. Nf3 e6 2. d3 Be7 3. g3 Nf6 4. Bg2 d5 5. O-O O-O 6. Nbd2 Nbd7 7. e4 b6 8. Re1
Bb7 9. e5 Ne8 10. d4 c5 11. c3 Nc7 12. Nf1 f6 13. exf6 Bxf6 14. Bf4 Re8 15. Bh3
Nf8 16. Qd2 h6 17. Be5 Bxe5 18. Nxe5 Qf6 19. Ne3 h5 20. Ng2 Rad8 21. Re3 Qh6 22.
Qe2 cxd4 23. cxd4 Ba6 24. Qf3 Qf6 25. Qxh5 Nb5 26. Rf3 Qh6 27. Qf7+ Kh7 28. Rf4
Ng6 29. Nxg6 1-0

[Event "Titled Tue 10th Jun Early"]
[Site "chess.com INT"]
[Date "2025.06.10"]
[Round "5"]
[White "Khumalo, Keith"]
[Black "Sailer, Mike"]
[Result "1-0"]
[WhiteTitle "CM"]
[WhiteElo "2171"]
[BlackElo "2108"]
[WhiteFideId "14319470"]
[BlackFideId "2012901"]
[EventDate "2025.06.10"]

1. d4 d5 2. Nc3 e6 3. Bf4 Bd6 4. e3 Bxf4 5. exf4 Nf6 6. Nf3 a6 7. Bd3 Nc6 8. a3
Ne7 9. O-O O-O 10. Re1 Qd6 11. Qd2 c5 12. dxc5 Qxc5 13. Ne2 Bd7 14. Ned4 g6 15.
b4 Qc7 16. Ne5 Nf5 17. Ndf3 Bb5 18. g4 Bxd3 19. cxd3 Nd6 20. Rac1 Qd8 21. g5 Nh5
22. Ng4 Nf5 23. Qb2 d4 24. Re4 Rc8 25. Rxc8 Qxc8 26. Nxd4 Nxd4 27. Nh6+ Kg7 28.
Rxd4 f6 29. Rc4 Qd7 30. Qc3 Nxf4 31. Rxf4 1-0

[Event "Titled Tue 10th Jun Early"]
[Site "chess.com INT"]
[Date "2025.06.10"]
[Round "5"]
[White "Wyss, Jonas"]
[Black "Karpenko, Anton"]
[Result "0-1"]
[WhiteTitle "FM"]
[BlackTitle "CM"]
[WhiteElo "2278"]
[BlackElo "2219"]
[WhiteFideId "1311387"]
[BlackFideId "34374353"]
[EventDate "2025.06.10"]

1. e4 c5 2. Nf3 Nc6 3. Bb5 g6 4. O-O Bg7 5. Re1 Nf6 6. e5 Nd5 7. Nc3 Nc7 8. Bxc6
dxc6 9. Ne4 b6 10. d3 O-O 11. Bf4 h6 12. Qd2 Kh7 13. h4 Bg4 14. a4 Bxf3 15. gxf3
Ne6 16. a5 Qd7 17. h5 Nd4 18. Kg2 Qf5 19. Ng3 Qe6 20. axb6 axb6 21. Rxa8 Rxa8
22. c3 Nf5 23. Qc2 Nh4+ 24. Kf1 Nxf3 25. Re3 Ra1+ 26. Ke2 Ng1+ 27. Kd2 Qg4 28.
hxg6+ fxg6 0-1

[Event "Titled Tue 10th Jun Early"]
[Site "chess.com INT"]
[Date "2025.06.10"]
[Round "5"]
[White "Zgadzaj, Rafal"]
[Black "Golsta, Madara"]
[Result "1-0"]
[WhiteTitle "CM"]
[WhiteElo "2018"]
[BlackElo "2008"]
[WhiteFideId "1113712"]
[BlackFideId "11607386"]
[EventDate "2025.06.10"]

1. e4 c5 2. Nf3 d6 3. d4 cxd4 4. Bc4 Nf6 5. Nxd4 g6 6. Nc3 Bg7 7. O-O O-O 8. Be3
Nc6 9. h3 Bd7 10. Qe2 Rc8 11. Bb3 Na5 12. Rad1 Rxc3 13. bxc3 Nxe4 14. Bd2 Nxd2
15. Qxd2 Qc7 16. Rfe1 e6 17. h4 d5 18. h5 Rc8 19. h6 Bh8 20. Re3 Qf4 21. Rf3 Qg4
22. Rf4 Qg5 23. Rf3 Qh5 24. Qf4 Be5 25. Qxf7+ Kh8 26. Qf8+ 1-0

[Event "Titled Tue 10th Jun Early"]
[Site "chess.com INT"]
[Date "2025.06.10"]
[Round "5"]
[White "Fisabilillah, Ummi"]
[Black "Azizoglu, Ferzan"]
[Result "0-1"]
[WhiteTitle "WIM"]
[WhiteElo "2153"]
[BlackElo "2055"]
[WhiteFideId "7104804"]
[BlackFideId "6302726"]
[EventDate "2025.06.10"]

1. e4 c5 2. Nc3 g6 3. g3 Bg7 4. Bg2 e6 5. Nge2 Nc6 6. d3 Nge7 7. Be3 Nd4 8. Qd2
h5 9. Nc1 Rb8 10. h3 b6 11. Nd1 Bb7 12. c3 Ndc6 13. Ne2 d5 14. Qc2 d4 15. Bg5
dxc3 16. bxc3 Qd7 17. Nb2 O-O 18. O-O b5 19. Qd2 b4 20. Bh6 bxc3 21. Nxc3 Nd4
22. Nc4 Nec6 23. Bxg7 Kxg7 24. f4 Ba6 25. Ne5 Nxe5 26. fxe5 Nc6 27. Qf4 Qd4+ 28.
Kh2 Qxc3 29. Qf6+ Kg8 30. Qg5 Qxe5 31. Qh6 Qg7 32. Qg5 Ne5 33. Rf6 Nxd3 34. e5
Rb2 35. Raf1 Bb7 0-1

[Event "Titled Tue 10th Jun Early"]
[Site "chess.com INT"]
[Date "2025.06.10"]
[Round "5"]
[White "Klys, Kacper"]
[Black "Leon Acevedo, Juan Alejandro"]
[Result "1-0"]
[BlackTitle "CM"]
[WhiteElo "2218"]
[BlackElo "2008"]
[WhiteFideId "21005281"]
[BlackFideId "4459261"]
[EventDate "2025.06.10"]

1. c4 c5 2. g3 Nf6 3. Bg2 d5 4. cxd5 Nxd5 5. Nc3 Nc7 6. b3 e5 7. Bb2 Be7 8. e3
O-O 9. Nge2 Nc6 10. O-O Bg4 11. a3 Rb8 12. Qc2 Qd7 13. Rfe1 Rfd8 14. Rad1 b5 15.
Ne4 Ne6 16. d3 f5 17. N4c3 Ng5 18. Kh1 Qd6 19. Nxb5 Rxb5 20. Qc4+ Kh8 21. Qxb5
Qh6 22. Qxc6 Rd6 23. Qb7 Nf3 24. Bxf3 Bxf3+ 25. Qxf3 1-0

[Event "Titled Tue 10th Jun Early"]
[Site "chess.com INT"]
[Date "2025.06.10"]
[Round "5"]
[White "Srihari, L R"]
[Black "Madhesh Kumar S"]
[Result "1-0"]
[WhiteTitle "IM"]
[BlackTitle "CM"]
[WhiteElo "2480"]
[BlackElo "2243"]
[WhiteFideId "46617116"]
[BlackFideId "25168649"]
[EventDate "2025.06.10"]

1. Nf3 Nf6 2. c4 c6 3. Nc3 d5 4. e3 g6 5. d4 Bg7 6. Be2 O-O 7. O-O c5 8. dxc5
Na6 9. cxd5 Nxc5 10. h3 Nfe4 11. Nxe4 Nxe4 12. Bc4 Bd7 13. Re1 Rc8 14. Bb3 Qb6
15. Bc2 Nd6 16. e4 Nc4 17. Rb1 Nxb2 18. Bxb2 Bxb2 19. Bd3 Qb4 20. Qe2 b6 21.
Rxb2 Qa5 22. Qd2 Qa3 23. Rb3 Qa4 24. Ne5 Rc7 25. Nxd7 Qxd7 26. Bb5 Qc8 27. e5
Rd8 28. d6 exd6 29. exd6 Rc2 30. Qf4 a6 31. d7 Qa8 32. Re8+ Kg7 33. Qd4+ Kh6 34.
Qh4+ Kg7 35. Rxd8 Qd5 36. Rg8+ 1-0

[Event "Titled Tue 10th Jun Early"]
[Site "chess.com INT"]
[Date "2025.06.10"]
[Round "5"]
[White "Bolashakov, Nurali"]
[Black "Jedryczka, Krystian"]
[Result "1-0"]
[WhiteTitle "CM"]
[WhiteElo "2242"]
[BlackElo "2079"]
[WhiteFideId "13792105"]
[BlackFideId "1109472"]
[EventDate "2025.06.10"]

1. e4 e5 2. Nf3 Nc6 3. Bc4 Bc5 4. c3 Nf6 5. d3 d6 6. O-O h6 7. Nbd2 O-O 8. Re1
a6 9. Bb3 Ba7 10. Nf1 Ne7 11. d4 Ng6 12. h3 c6 13. Ng3 Re8 14. Bc2 Nf4 15. Bxf4
exf4 16. Nf1 Nh5 17. Qd2 Be6 18. Rad1 Qd7 19. Qd3 Bxh3 20. gxh3 Qxh3 21. N3h2
Qh4 22. Qf3 Re6 23. e5 Rae8 24. Qg4 Qxg4+ 25. Nxg4 dxe5 26. Nxe5 f6 27. Bb3 fxe5
28. Rxe5 Kf7 29. Rxe6 Rxe6 30. Re1 1-0

[Event "Titled Tue 10th Jun Early"]
[Site "chess.com INT"]
[Date "2025.06.10"]
[Round "5"]
[White "Lai, Duc Minh"]
[Black "Ivanov, Andrey A."]
[Result "0-1"]
[BlackTitle "CM"]
[WhiteElo "2072"]
[BlackElo "2120"]
[WhiteFideId "12420387"]
[BlackFideId "2514311"]
[EventDate "2025.06.10"]

1. e4 c5 2. Nc3 d6 3. f4 Nc6 4. Nf3 g6 5. Bc4 Bg7 6. O-O e6 7. f5 gxf5 8. exf5
d5 9. Bb5 Ne7 10. fxe6 Bxe6 11. Ng5 Qd6 12. d3 O-O-O 13. Bf4 Qd7 14. Qh5 Ng6 15.
Bg3 Bg4 16. Bxc6 bxc6 17. Rxf7 Bxh5 18. Rxd7 Rxd7 19. Na4 Re8 20. Kh1 Rde7 21.
Nxc5 Re2 22. Rc1 Bxb2 23. Rb1 Rxc2 24. Nce6 h6 25. Ng7 Ree2 26. Nxh5 hxg5 27.
Rf1 Rc1 28. Kg1 Bd4+ 0-1

[Event "Titled Tue 10th Jun Early"]
[Site "chess.com INT"]
[Date "2025.06.10"]
[Round "5"]
[White "Gales, Randi-Ioan"]
[Black "Lacasa Diaz, Josep Anton"]
[Result "1-0"]
[WhiteTitle "CM"]
[BlackTitle "IM"]
[WhiteElo "2243"]
[BlackElo "2315"]
[WhiteFideId "1285360"]
[BlackFideId "2203375"]
[EventDate "2025.06.10"]

1. d4 d5 2. c4 e6 3. Nc3 c5 4. cxd5 exd5 5. Nf3 Nc6 6. dxc5 d4 7. Ne4 Nf6 8. Bg5
Bf5 9. Ng3 Bg6 10. e4 Bxc5 11. Bd3 Bb4+ 12. Bd2 Bxd2+ 13. Qxd2 O-O 14. O-O Re8
15. Rfe1 a6 16. h4 h6 17. e5 Bxd3 18. Qxd3 Nd5 19. Rad1 Nf4 20. Qf5 Ne6 21. Nh5
Qb6 22. Re4 Ne7 23. Nf6+ gxf6 24. Rg4+ Ng6 25. Qxf6 Qd8 26. h5 Qxf6 27. exf6
Rad8 28. hxg6 fxg6 29. Rxg6+ Kf7 30. Rxh6 Nf4 31. Ng5+ Kf8 32. Rh8# 1-0

[Event "Titled Tue 10th Jun Early"]
[Site "chess.com INT"]
[Date "2025.06.10"]
[Round "5"]
[White "Kovalevsky, Stanislav"]
[Black "Vandan Alankar Sawai"]
[Result "1-0"]
[WhiteTitle "FM"]
[BlackTitle "CM"]
[WhiteElo "2105"]
[BlackElo "1955"]
[WhiteFideId "13508598"]
[BlackFideId "25973096"]
[EventDate "2025.06.10"]

1. c4 e6 2. e4 d5 3. exd5 exd5 4. cxd5 Nf6 5. Bb5+ Bd7 6. Bc4 Bd6 7. Nf3 O-O 8.
O-O Bg4 9. h3 Bh5 10. Qb3 Nbd7 11. Nd4 Nb6 12. d3 Bg6 13. Nc3 a6 14. Bg5 Be5 15.
Nf3 Bd6 16. Rfe1 h6 17. Bh4 Bh7 18. Ne4 g5 19. Nxd6 Qxd6 20. Bg3 Qd8 21. d6 cxd6
22. d4 d5 23. Bd3 Bxd3 24. Qxd3 Ne4 25. Bh2 Rc8 26. Ne5 f6 27. f3 Nd6 28. Qg6+
Kh8 29. Qxh6+ Kg8 30. Ng6 Nf7 31. Ne7+ Qxe7 32. Qg6+ Kh8 33. Rxe7 Rc2 34. Qxf6+
Kg8 35. Qg6+ Kh8 36. Be5+ Nxe5 37. Qh7# 1-0

[Event "Titled Tue 10th Jun Early"]
[Site "chess.com INT"]
[Date "2025.06.10"]
[Round "5"]
[White "Rabin, Evan"]
[Black "Cruz, Bitia"]
[Result "1-0"]
[BlackTitle "WCM"]
[WhiteElo "1945"]
[BlackElo "1696"]
[WhiteFideId "2028670"]
[BlackFideId "8400644"]
[EventDate "2025.06.10"]

1. e4 c5 2. Nf3 d6 3. d4 cxd4 4. Nxd4 Nc6 5. Nc3 Nf6 6. Bg5 g6 7. Bxf6 exf6 8.
Qd2 Be7 9. O-O-O O-O 10. Ndb5 f5 11. Nxd6 Bg5 12. f4 Bh6 13. exf5 Bxf5 14. g3
Bg4 15. Be2 Be6 16. Bf3 Qa5 17. Nxb7 Qa6 18. Nc5 Qb6 19. Nxe6 fxe6 20. Qd6 Nb4
21. Rhe1 Qxd6 22. Rxd6 Rac8 23. Rdxe6 Bg7 24. Nd5 Nxa2+ 25. Kb1 Nc3+ 26. Nxc3
Bxc3 27. bxc3 Rxc3 28. Bd5 Rb8+ 29. Rb6+ Kg7 30. Re7+ Kh6 31. Rxb8 Rc5 32. Rbb7
Rxd5 33. Rxh7# 1-0

[Event "Titled Tue 10th Jun Early"]
[Site "chess.com INT"]
[Date "2025.06.10"]
[Round "5"]
[White "Bortnyk, Olexandr"]
[Black "Vakhlamov, Igor L."]
[Result "1-0"]
[WhiteTitle "GM"]
[BlackTitle "FM"]
[WhiteElo "2601"]
[BlackElo "2413"]
[WhiteFideId "14120828"]
[BlackFideId "24126748"]
[EventDate "2025.06.10"]

1. d4 d5 2. Nc3 Nf6 3. Bf4 c5 4. e4 Nxe4 5. Nxe4 dxe4 6. dxc5 Qa5+ 7. c3 Qxc5 8.
Qa4+ Nc6 9. Qxe4 g6 10. Nf3 Bg7 11. Rd1 O-O 12. Be3 Qa5 13. Bc4 Bf5 14. Qh4 Bf6
15. Ng5 h5 16. Rd5 Bxc3+ 17. bxc3 Qxc3+ 18. Bd2 Qa1+ 19. Ke2 Qxh1 20. Rxf5 e6
21. Rxf7 Rxf7 22. Nxf7 Kxf7 23. Qf4+ Ke8 24. Qd6 Qxg2 25. Qxe6+ Kd8 26. Qf6+ Kc7
27. Bf4+ Kb6 28. Qb2+ Kc5 29. Qb5+ Kd4 30. Be3+ Ke4 31. Bd3# 1-0

[Event "Titled Tue 10th Jun Early"]
[Site "chess.com INT"]
[Date "2025.06.10"]
[Round "5"]
[White "Zepeda Berlanga, Jan Enrique"]
[Black "Becking, Stephan"]
[Result "0-1"]
[WhiteTitle "CM"]
[BlackTitle "IM"]
[WhiteElo "1984"]
[BlackElo "2410"]
[WhiteFideId "5132355"]
[BlackFideId "4632478"]
[EventDate "2025.06.10"]

1. e4 e6 2. d4 d5 3. Nc3 Nf6 4. e5 Nfd7 5. f4 c5 6. Be3 cxd4 7. Qxd4 Nc6 8. Qd2
Bb4 9. Nf3 Qa5 10. Be2 Nc5 11. Bxc5 Qxc5 12. a3 Bxc3 13. bxc3 Bd7 14. Nd4 Rc8
15. Nb5 O-O 16. Nd6 Rc7 17. Rb1 Na5 18. Rf1 b6 19. Rf3 f5 20. Kf1 Nb7 21. Nb5
Bxb5 22. Rxb5 Qxa3 23. Kf2 Qe7 24. Rb1 Nc5 25. Bd3 Rd8 26. Rh3 Ne4+ 27. Bxe4
dxe4 28. Qe3 Qa3 29. Rb4 Qa2 30. Rd4 Qxc2+ 31. Kg3 0-1

[Event "Titled Tue 10th Jun Early"]
[Site "chess.com INT"]
[Date "2025.06.10"]
[Round "5"]
[White "Martinez Alcantara, Jose Eduardo"]
[Black "Lee, Junhyeok"]
[Result "1-0"]
[WhiteTitle "GM"]
[BlackTitle "IM"]
[WhiteElo "2611"]
[BlackElo "2434"]
[WhiteFideId "3805662"]
[BlackFideId "13202340"]
[EventDate "2025.06.10"]

1. c4 g6 2. Nc3 Bg7 3. g3 c5 4. Bg2 Nc6 5. d3 d6 6. a3 e6 7. Bd2 Nge7 8. b4 cxb4
9. axb4 Nxb4 10. Rb1 Nbc6 11. Nh3 O-O 12. O-O b6 13. Qa4 Bb7 14. Nf4 Na5 15. Ne4
Bc6 16. Qa3 d5 17. cxd5 Nxd5 18. Nxd5 Bxd5 19. Bb4 Re8 20. Rfc1 Nc6 21. Bc3 Nd4
22. Qb2 e5 23. e3 Nc6 24. Qb5 Ne7 25. Bb4 a6 26. Bxe7 axb5 27. Bxd8 Rexd8 28.
Rxb5 Rab8 29. Nf6+ Bxf6 30. Bxd5 Rd7 31. Rc6 Kg7 32. Bc4 Rbb7 33. Kg2 h5 34. h4
Rdc7 35. Rbxb6 Rxb6 36. Rxc7 1-0

[Event "Titled Tue 10th Jun Early"]
[Site "chess.com INT"]
[Date "2025.06.10"]
[Round "5"]
[White "Reprintsev, Alexander"]
[Black "Bartakke, Amardeep S."]
[Result "1-0"]
[WhiteTitle "IM"]
[BlackTitle "CM"]
[WhiteElo "2256"]
[BlackElo "2116"]
[WhiteFideId "14100541"]
[BlackFideId "5003288"]
[EventDate "2025.06.10"]

1. e4 c5 2. b3 d6 3. Bb2 Nf6 4. Bxf6 exf6 5. Bd3 Be6 6. f4 g6 7. f5 Bd7 8. Nc3
Bc6 9. Nge2 Bh6 10. O-O O-O 11. Nf4 Nd7 12. Nfd5 Nb6 13. Nxb6 axb6 14. a4 d5 15.
Rf2 dxe4 16. Bxe4 Qd4 17. Bxc6 bxc6 18. Ne2 Qxd2 19. Qxd2 Bxd2 20. Kf1 Rad8 21.
Ng3 Bc3 22. Rb1 Rfe8 23. Re2 Kg7 24. Rxe8 Rxe8 25. Rd1 Re3 26. Rd6 Re1+ 27. Kf2
Rc1 28. Rxc6 Rxc2+ 29. Kf3 Ba5 30. Ne4 Rb2 31. Nxf6 Rxb3+ 32. Ke4 Rb4+ 33. Kd5
Rd4+ 34. Ke5 Rxa4 35. Ne8+ Kf8 36. Rc8 Bc3+ 37. Kd5 Ke7 38. Kc6 Bd4 39. Nc7 c4
40. Nd5# 1-0